MARC details
| 000 -LEADER |
| fixed length control field |
03295cam a2200901Ma 4500 |
| 001 - CONTROL NUMBER |
| control field |
ocm74454249 |
| 003 - CONTROL NUMBER IDENTIFIER |
| control field |
OCoLC |
| 005 - DATE AND TIME OF LATEST TRANSACTION |
| control field |
20200320204045.0 |
| 008 - FIXED-LENGTH DATA ELEMENTS--GENERAL INFORMATION |
| fixed length control field |
030811r20021978enka j 000 1 eng d |
| 015 ## - NATIONAL BIBLIOGRAPHY NUMBER |
| National bibliography number |
GBA3W3764 |
| Source |
bnb |
| 019 ## - |
| -- |
52532263 |
| -- |
156268435 |
| 020 ## - INTERNATIONAL STANDARD BOOK NUMBER |
| International Standard Book Number |
1405206144 |
| 020 ## - INTERNATIONAL STANDARD BOOK NUMBER |
| International Standard Book Number |
9781405206143 |
| 020 ## - INTERNATIONAL STANDARD BOOK NUMBER |
| International Standard Book Number |
1405208023 |
| Qualifying information |
(hbk.) |
| 020 ## - INTERNATIONAL STANDARD BOOK NUMBER |
| International Standard Book Number |
9781405208024 |
| Qualifying information |
(hbk.) |
| 020 ## - INTERNATIONAL STANDARD BOOK NUMBER |
| International Standard Book Number |
1405207841 |
| 020 ## - INTERNATIONAL STANDARD BOOK NUMBER |
| International Standard Book Number |
9781405207843 |
| 020 ## - INTERNATIONAL STANDARD BOOK NUMBER |
| Terms of availability |
17.95 |
| 029 1# - (OCLC) |
| OCLC library identifier |
AU@ |
| System control number |
000024916132 |
| 029 1# - (OCLC) |
| OCLC library identifier |
AU@ |
| System control number |
000027514195 |
| 029 1# - (OCLC) |
| OCLC library identifier |
AU@ |
| System control number |
000040363304 |
| 029 1# - (OCLC) |
| OCLC library identifier |
AU@ |
| System control number |
000045590613 |
| 029 1# - (OCLC) |
| OCLC library identifier |
AU@ |
| System control number |
000049810826 |
| 029 1# - (OCLC) |
| OCLC library identifier |
AU@ |
| System control number |
000051624941 |
| 029 1# - (OCLC) |
| OCLC library identifier |
CBK |
| System control number |
089931378 |
| 029 1# - (OCLC) |
| OCLC library identifier |
NOK |
| System control number |
1405206144 |
| 029 1# - (OCLC) |
| OCLC library identifier |
NZ1 |
| System control number |
11232725 |
| 029 1# - (OCLC) |
| OCLC library identifier |
NZ1 |
| System control number |
8564066 |
| 029 1# - (OCLC) |
| OCLC library identifier |
UKBCI |
| System control number |
089931378 |
| 029 1# - (OCLC) |
| OCLC library identifier |
UKBNS |
| System control number |
089931378 |
| 029 1# - (OCLC) |
| OCLC library identifier |
UKBOR |
| System control number |
089931378 |
| 029 1# - (OCLC) |
| OCLC library identifier |
UKDEL |
| System control number |
089931378 |
| 029 1# - (OCLC) |
| OCLC library identifier |
UKDEL |
| System control number |
089931416 |
| 029 1# - (OCLC) |
| OCLC library identifier |
UKDOR |
| System control number |
089931378 |
| 029 1# - (OCLC) |
| OCLC library identifier |
UKPMH |
| System control number |
089931378 |
| 029 1# - (OCLC) |
| OCLC library identifier |
UKPMH |
| System control number |
1405206144 |
| 029 1# - (OCLC) |
| OCLC library identifier |
UKSCO |
| System control number |
089931378 |
| 029 1# - (OCLC) |
| OCLC library identifier |
UKSGC |
| System control number |
089931378 |
| 029 1# - (OCLC) |
| OCLC library identifier |
UKSOM |
| System control number |
089931378 |
| 029 1# - (OCLC) |
| OCLC library identifier |
UNITY |
| System control number |
089931378 |
| 029 1# - (OCLC) |
| OCLC library identifier |
UNITY |
| System control number |
089931416 |
| 029 1# - (OCLC) |
| OCLC library identifier |
YDXCP |
| System control number |
100392035 |
| 035 ## - SYSTEM CONTROL NUMBER |
| System control number |
(OCoLC)74454249 |
| Canceled/invalid control number |
(OCoLC)52532263 |
| -- |
(OCoLC)156268435 |
| 040 ## - CATALOGING SOURCE |
| Original cataloging agency |
EQO |
| Language of cataloging |
eng |
| Transcribing agency |
EQO |
| Modifying agency |
YDXCP |
| -- |
D3R |
| -- |
OCLCG |
| -- |
NTGBL |
| -- |
OCLCQ |
| -- |
ZCU |
| -- |
OCLCO |
| -- |
OCLCF |
| -- |
CNKFP |
| -- |
OCLCQ |
| -- |
NTAUP |
| -- |
UKM |
| -- |
OCLCQ |
| -- |
OCL |
| -- |
OCLCQ |
| -- |
OCLCO |
| -- |
WACOL |
| 041 1# - LANGUAGE CODE |
| Language code of text/sound track or separate title |
eng |
| -- |
fre |
| 043 ## - GEOGRAPHIC AREA CODE |
| Geographic area code |
e-fr--- |
| 049 ## - LOCAL HOLDINGS (OCLC) |
| Holding library |
WACL |
| 050 14 - LIBRARY OF CONGRESS CALL NUMBER |
| Classification number |
J741.5 HER |
| 082 04 - DEWEY DECIMAL CLASSIFICATION NUMBER |
| Classification number |
741.59493 |
| Edition number |
22 |
| 092 ## - LOCALLY ASSIGNED DEWEY CALL NUMBER (OCLC) |
| Classification number |
J741.5 |
| Item number |
Her |
| 100 0# - MAIN ENTRY--PERSONAL NAME |
| Personal name |
Hergé, |
| Dates associated with a name |
1907-1983. |
| 9 (RLIN) |
10379 |
| 245 10 - TITLE STATEMENT |
| Title |
Tintin in America / |
| Statement of responsibility, etc |
Hergé ; [translated by Leslie Lonsdale-Cooper and Michael Turner]. |
| 260 ## - PUBLICATION, DISTRIBUTION, ETC. (IMPRINT) |
| Place of publication, distribution, etc |
London : |
| Name of publisher, distributor, etc |
Egmont, |
| Date of publication, distribution, etc |
2002, ©1978. |
| 300 ## - PHYSICAL DESCRIPTION |
| Extent |
62 pages : |
| Other physical details |
color illustrations ; |
| Dimensions |
30 cm. |
| 336 ## - Content Type |
| Content type term |
text |
| 337 ## - Media type |
| Media type term |
unmediated |
| 338 ## - Carrier type |
| Carrier type term |
volume |
| 490 1# - SERIES STATEMENT |
| Series statement |
The adventures of Tintin |
| 500 ## - GENERAL NOTE |
| General note |
Originally published: Methuen Children's Books, 1978. |
| 546 ## - LANGUAGE NOTE |
| Language note |
Translated from the French. |
| 520 ## - SUMMARY, ETC. |
| Summary, etc |
Tintin comes to America and deals with criminals in Chicago and ultimately chases gangster Bobby Smiles to the wild West where native peoples are living. |
| 505 0# - FORMATTED CONTENTS NOTE |
| Formatted contents note |
Tintin in America -- The seven crystal balls -- Prisoners of the sun -- Tintin and the Picaros -- Tintin and the broken ear. |
| 650 #0 - SUBJECT ADDED ENTRY--TOPICAL TERM |
| Topical term or geographic name as entry element |
Caricatures and cartoons |
| Geographic subdivision |
France. |
| 9 (RLIN) |
5943293 |
| 650 #7 - SUBJECT ADDED ENTRY--TOPICAL TERM |
| Topical term or geographic name as entry element |
Caricatures and cartoons. |
| Source of heading or term |
fast |
| -- |
(OCoLC)fst00847532 |
| 9 (RLIN) |
5943294 |
| 651 #7 - SUBJECT ADDED ENTRY--GEOGRAPHIC NAME |
| Geographic name |
France. |
| Source of heading or term |
fast |
| -- |
(OCoLC)fst01204289 |
| 9 (RLIN) |
5943295 |
| 655 #7 - INDEX TERM--GENRE/FORM |
| Genre/form data or focus term |
Graphic novels. |
| Source of term |
lcgft |
| 9 (RLIN) |
5943296 |
| 655 #7 - INDEX TERM--GENRE/FORM |
| Genre/form data or focus term |
Graphic novels |
| Source of term |
fast |
| -- |
(OCoLC)fst01726630 |
| 9 (RLIN) |
5943296 |
| 655 #7 - INDEX TERM--GENRE/FORM |
| Genre/form data or focus term |
Comic books, strips, etc. |
| Source of term |
gsafd |
| 9 (RLIN) |
5943297 |
| 700 1# - ADDED ENTRY--PERSONAL NAME |
| Personal name |
Lonsdale-Cooper, Leslie. |
| 9 (RLIN) |
5943298 |
| 700 1# - ADDED ENTRY--PERSONAL NAME |
| Personal name |
Turner, Michael. |
| 9 (RLIN) |
5943299 |
| 800 0# - SERIES ADDED ENTRY--PERSONAL NAME |
| Personal name |
Hergé, |
| Dates associated with a name |
1907-1983. |
| Title of a work |
Aventures de Tintin. |
| Language of a work |
English. |
| 9 (RLIN) |
22581 |
| 938 ## - |
| -- |
YBP Library Services |
| -- |
YANK |
| -- |
100392035 |
| 938 ## - |
| -- |
YBP Library Services |
| -- |
YANK |
| -- |
3678097 |
| 942 ## - ADDED ENTRY ELEMENTS (KOHA) |
| Koha item type |
BOOK |
| 948 ## - LOCAL PROCESSING INFORMATION (OCLC); SERIES PART DESIGNATOR (RLIN) |
| Series part designator, SPT (RLIN) |
05/22/2017 |
| z (OCLC) |
Sirsi |
| 994 ## - |
| -- |
C0 |
| -- |
WACOL |
| 996 ## - |
| -- |
140584 |
| -- |
34301001499682 |
| -- |
JNF |
| -- |
bk |
| -- |
wcl |
| -- |
o |
| -- |
13 |
| -- |
17.95 |
| -- |
amazon |
| -- |
741.5 Her |
| -- |
05/22/2017 |
| -- |
11/26/2019 |
| -- |
03/13/2020 |